Home Print Resources E-Books E-Journals IIMT Lecture Series Library Membership Form Book Recommendation Form Campus Tour Take AdmissionAbout Us Contact Us

GUIDANCE AND COUNSELLING (Record no. 50767)

000 -LEADER
fixed length control field nam a22 7a 4500
003 - CONTROL NUMBER IDENTIFIER
control field OSt
005 - DATE AND TIME OF LATEST TRANSACTION
control field 20210402100505.0
008 - FIXED-LENGTH DATA ELEMENTS--GENERAL INFORMATION
fixed length control field 210402b xxu||||| |||| 00| 0 eng d
040 ## - CATALOGING SOURCE
Transcribing agency SEROSOFT
100 ## - MAIN ENTRY--PERSONAL NAME
Personal name CHANDRA RAMESH
245 ## - TITLE STATEMENT
Title GUIDANCE AND COUNSELLING
300 ## - PHYSICAL DESCRIPTION
Extent 316
942 ## - ADDED ENTRY ELEMENTS (KOHA)
Source of classification or shelving scheme
Koha item type Text-Book- for 7 days
Holdings
Withdrawn status Lost status Source of classification or shelving scheme Damaged status Not for loan Home library Current library Date acquired Source of acquisition Cost, normal purchase price Total Checkouts Barcode Date last seen Price effective from Koha item type
          IIMT University College of Nursing (073) IIMT University College of Nursing (073) 04/02/2021 ARISTA 250.00   03-B-5424 04/02/2021 04/02/2021 Text-Book- for 7 days
          IIMT University College of Nursing (073) IIMT University College of Nursing (073) 04/02/2021 ARISTA 250.00   03-B-5425 04/02/2021 04/02/2021 Text-Book- for 7 days
          IIMT University College of Nursing (073) IIMT University College of Nursing (073) 04/02/2021 ARISTA 250.00   03-B-5426 04/02/2021 04/02/2021 Text-Book- for 7 days
          IIMT University College of Nursing (073) IIMT University College of Nursing (073) 04/02/2021 ARISTA 250.00   03-B-5427 04/02/2021 04/02/2021 Text-Book- for 7 days
          IIMT University College of Nursing (073) IIMT University College of Nursing (073) 04/02/2021 ARISTA 250.00   03-B-5428 04/02/2021 04/02/2021 Text-Book- for 7 days
IIMT, Central Library. All Rights Reserved IIMT,UNIVERSITY © 2023
Implemented and Customised by I CLOUDE EMS
You Are OPAC Visitor No
free web counter

Powered by Koha